Πολιτική και φιλοσοφία στο Γκράμσι

Αποθηκεύτηκε σε:
Λεπτομέρειες βιβλιογραφικής εγγραφής
Κύριος συγγραφέας: Τρικούκης, Μάκης 1940-
Μορφή: Βιβλίο
Γλώσσα:Greek
Δημοσίευση: Αθήνα : Εξάντας, 1985
Θέματα:
Ετικέτες: Προσθήκη ετικέτας
Δεν υπάρχουν, Καταχωρήστε ετικέτα πρώτοι!

MARC

LEADER 00000nam a2200000 i 4500
001 1/37922
008 960405s1985 gre d
035 |l 10024767 
040 |a GR-MY-UA  |b gre  |e aacr 
041 0 |a gre 
082 0 |a 320.531 
100 1 |a Τρικούκης, Μάκης  |d 1940- 
245 1 0 |a Πολιτική και φιλοσοφία στο Γκράμσι /  |c Τρικούκης Μάκης 
260 |a Αθήνα :   |b Εξάντας,   |c 1985 
300 |a 135 σ. 
650 0 0 |a Communism. 
650 0 0 |a Political science. 
852 |a INST  |b CHIOS  |e 19960405  |h 320.531 ΤΡΙ  |p 005200006149  |q 005200006149  |t BK  |y 0 
909 |a Χ  |b 002810